000 00227 a2200097 4500
001 30537
100 _aMorea
245 _aGuidance, Selection and Training
260 _aLondon
_bRoutledge & Kega Paul
_c
090 _c20467
_d20467
942 _aNUST-CAE
_cM
_c11633
999 _c265610
_d265610